00603cam a22001813a 450000100060000000300060000600500170001200800410002904000150007004200070008510000230009224501560011526000290027150600300030051600200033083000290035085600420037939431PGUSA20140828083857.0120412s2012||||xxu|||||s|||||000 | eng d aPGUSAbeng adc1 aPollard, Josephine10aYoung Folks' Bible in Words of Easy Reading :bThe Sweet Stories of God's Word in the Language of Childhoodh[electronic resource] /cJosephine Pollard bProject Gutenberg,c2012 aPublic domain in the USA. aElectronic text 0aProject Gutenbergv3943140uhttp://www.gutenberg.org/ebooks/39431